Czy rozpoznasz polskie albumy muzyczne? - Statystyki

Ogólne statystyki
  • Ten quiz został rozwiązany 19 razy
  • Średni wynik to 6 z 16
Statystyki odpowiedzi
Obrazkowy Odpowiedź % Poprawnych
Lady Pank
78%
Małomiasteczkowy
61%
Kult
50%
Marmur
50%
Korova Milky Bar
44%
Muzyka Klasyczna
44%
Piła tango
44%
Kinematografia
39%
Pierwsze wyjście z mroku
33%
Ad. 4
28%
audiotele
28%
Bułgarskie centrum
28%
Nowa Aleksandria
28%
Nowe Sytuacje
28%
Najemnik
17%
Spokój serca
6%
Nie znaleziono quizów pasujących do podanych kryteriów
Rozkład punktacji
Procent ludzi z każdym wynikiem
Percentyl według liczby udzielonych odpowiedzi
Twoja historia wyników
Nie rozwiązałeś tego quizu